The Flags of the French Cities - Statistics

General Stats
  • This quiz has been taken 41 times
  • The average score is 10 of 16
Answer Stats
Picture Hint Answer % Correct
Île-de-France Paris
100%
Provence-Alpes-Côte d'Azur Marseille
93%
Auvergne-Rhône-Alpes Lyon
86%
Occitania Toulouse
82%
Provence-Alpes-Côte d'Azur Nice
79%
Brittany Rennes
68%
Normandy Le Havre
64%
Nouvelle-Aquitaine Bordeaux
61%
Hauts-de-France Lille
61%
Occitania Montpelier
57%
Pays de la Loire Nantes
57%
Grand Est Strasbourg
54%
Grand Est Reims
39%
Provence-Alpes-Côte d'Azur Toulon
36%
Auvergne-Rhône-Alpes Saint-Étienne
29%
Auvergne-Rhône-Alpes Grenoble
25%
No matching quizzes found
Score Distribution
Percent of People with Each Score
Percentile by Number Answered
Your Score History
You have not taken this quiz